000 00504nam a2200205Ia 4500
003 GCL
008 140319s9999 xx 000 0 eng d
040 _aGCL /
_cGCL
082 0 4 _aCH
_b843
_bS B
100 1 _aSCHURER, GENEVIEVE
245 1 0 _aBARBIE PAIT DU CINEMA /
_cSCHURER, GENEVIEVE
700 1 _aCRISMER, LILIANE
260 _a[S.N] :
_bHEMMA
300 _a120 P
650 0 4 _aLITERATURE
650 0 4 _aFICTION
650 0 4 _aFRENCH FICTION
650 0 4 _aFRENCH LITERATURE
942 _2ddc
_cBK
999 _c14554
_d14554